000 00639nam a2200181Ia 4500
008 090124s9999 xx 000 0 und d
082 _b101465
100 _aअंबीकर ना. रा. व भावे ल. ना.
245 _a उमलते गुलाब (कथा)
250 _a1
260 _c1937
300 _a117
600 _aअंबीकर ना. रा. व भावे ल. ना.
630 _a उमलते गुलाब (कथा)
700 _aअंबीकर ना. रा. व भावे ल. ना.
730 _a उमलते गुलाब (कथा)
942 _cBOOK
999 _c147557
_d147557